Phát triển và quản lý các doanh nghiệp ngoài quốc doanh

Đã lưu trong:
書目詳細資料
主要作者: Vũ Trọng Lâm
格式: 圖書
語言:Undetermined
出版: KHKT 2002
標簽: 添加標簽
沒有標簽, 成為第一個標記此記錄!
Thư viện lưu trữ: Trung tâm Học liệu Trường Đại học Cần Thơ
LEADER 00460nam a2200145Ia 4500
001 CTU_48369
008 210402s9999 xx 000 0 und d
082 |a 658.04 
082 |b L120 
100 |a Vũ Trọng Lâm 
245 0 |a Phát triển và quản lý các doanh nghiệp ngoài quốc doanh 
245 0 |c Vũ Trọng Lâm, NGHIÊM XUÂN ĐẠT 
260 |b KHKT 
260 |c 2002 
980 |a Trung tâm Học liệu Trường Đại học Cần Thơ